Vector mechanics for engineers : (Record no. 544929)
[ view plain ]
| 000 -LEADER | |
|---|---|
| fixed length control field | 00918cam a22002414a 4500 |
| 020 ## - INTERNATIONAL STANDARD BOOK NUMBER | |
| International Standard Book Number | 007065994X |
| 082 00 - DEWEY DECIMAL CLASSIFICATION NUMBER | |
| Classification number | 620.103 |
| Author Mark | BEE |
| -- | L-25, P-15 |
| 100 ## - MAIN ENTRY--PERSONAL NAME | |
| Personal name | Beer ,P, Ferdinand, Johnnston, E. Russell |
| 9 (RLIN) | 40677 |
| 245 00 - TITLE STATEMENT | |
| Title | Vector mechanics for engineers : |
| Remainder of title | Statics and dynamics |
| Statement of responsibility, etc. | Beer ,P, Ferdinand, Johnnston, E. Russell |
| 250 ## - EDITION STATEMENT | |
| Edition statement | 8th ed. |
| 260 ## - PUBLICATION, DISTRIBUTION, ETC. | |
| Place of publication, distribution, etc. | New Delhi : |
| Name of publisher, distributor, etc. | Tata McGraw-Hill |
| Date of publication, distribution, etc. | c2007. |
| 300 ## - PHYSICAL DESCRIPTION | |
| Extent | xxvii, 1326 p. : |
| Other physical details | col. ill. ; |
| Dimensions | 27 cm. |
| 500 ## - GENERAL NOTE | |
| General note | Includes index. |
| 500 ## - GENERAL NOTE | |
| General note | Rev. ed. of: Vector mechanics for engineers. statics and Dynamics. 7th ed. Boston : McGraw-Hill, c2004. |
| 526 ## - STUDY PROGRAM INFORMATION NOTE | |
| Program name | 0 |
| Interest level | 0 |
| Reading level | 0 |
| Title point value | 620_103000000000000_BEE |
| 650 #0 - SUBJECT ADDED ENTRY--TOPICAL TERM | |
| Topical term or geographic name entry element | Dynamics. |
| 9 (RLIN) | 7202 |
| 650 #0 - SUBJECT ADDED ENTRY--TOPICAL TERM | |
| Topical term or geographic name entry element | MCE |
| 9 (RLIN) | 379 |
| 650 #0 - SUBJECT ADDED ENTRY--TOPICAL TERM | |
| Topical term or geographic name entry element | Mechanics, Applied. |
| 9 (RLIN) | 13090 |
| 650 #0 - SUBJECT ADDED ENTRY--TOPICAL TERM | |
| Topical term or geographic name entry element | Vector analysis. |
| 9 (RLIN) | 1184 |
| 700 1# - ADDED ENTRY--PERSONAL NAME | |
| Personal name | Beer, Ferdinand Pierre, |
| 9 (RLIN) | 37595 |
| 856 41 - ELECTRONIC LOCATION AND ACCESS | |
| Uniform Resource Identifier | <a href="http://www.loc.gov/catdir/toc/ecip0610/2006008102.html">http://www.loc.gov/catdir/toc/ecip0610/2006008102.html</a> |
| 942 ## - ADDED ENTRY ELEMENTS (KOHA) | |
| Source of classification or shelving scheme | |
| Koha item type | Book |
| Withdrawn status | Lost status | Source of classification or shelving scheme | Damaged status | Not for loan | Permanent Location | Current Location | Date acquired | Total Checkouts | Full call number | Barcode | Date last seen | Date last checked out | Price effective from | Koha item type |
|---|---|---|---|---|---|---|---|---|---|---|---|---|---|---|
| Military College of Engineering (MCE) | Military College of Engineering (MCE) | 05/14/2014 | 1 | 620.103 BEE | MCE-27274 | 12/07/2016 | 11/07/2016 | 05/14/2014 | Book |
